000 00468pab a2200169 454500
008 180718b2011 xxu||||| |||| 00| 0 eng d
100 _aDe Robertis, Engene M.
245 _aDepriving a third force approach to child development from the works of Alfred Adler
260 _c2011
300 _ap.492-515.
362 _aOct
650 _aChild development
650 _aChild welfare
773 _aJournal of Humanistic Psychology
908 _aN
909 _a93911
999 _c93911
_d93911